FM 2007 (Record no. 107232)
[ view plain ]
| 000 -LEADER | |
|---|---|
| fixed length control field | 01273cad a22002175a 4500 |
| 001 - CONTROL NUMBER | |
| control field | L138701 |
| 008 - FIXED-LENGTH DATA ELEMENTS--GENERAL INFORMATION | |
| fixed length control field | 070704s2007 xxkd f 000 0 eng d |
| 035 ## - SYSTEM CONTROL NUMBER | |
| System control number | (Sirsi) u138701 |
| 041 0# - LANGUAGE CODE | |
| Language code of text/sound track or separate title | eng |
| 050 04 - LIBRARY OF CONGRESS CALL NUMBER | |
| Classification number | 658.2 $2 18 |
| 110 2# - MAIN ENTRY--CORPORATE NAME | |
| Corporate name or jurisdiction name as entry element | British Institute of Facilities Management |
| 9 (RLIN) | 378 |
| 245 00 - TITLE STATEMENT | |
| Title | FM 2007 |
| Remainder of title | challenges and opportunities in the facilities management sector |
| Medium | [electronic resource] |
| 260 ## - PUBLICATION, DISTRIBUTION, ETC. | |
| Place of publication, distribution, etc. | London |
| Name of publisher, distributor, etc. | Redactive |
| Date of publication, distribution, etc. | 2007 |
| 520 ## - SUMMARY, ETC. | |
| Summary, etc. | Discusses the key opportunities and challenges facing the Facilities Management (FM) profession over the next five years. Over 1 500 FM professionals responded to an online questionnaire, and the results highlight: widening responsibilities of FMs; FM contribution to sustainability; business continuity; supply chain effectiveness; and compliance and global procurement. The research reveals an overall positive outlook, with over 60% of respondents predicting an increase in the scope of FM and over 50% indicating an increase in FM budget allocation. |
| 590 ## - LOCAL NOTE (RLIN) | |
| Local note | KA |
| 651 #4 - SUBJECT ADDED ENTRY--GEOGRAPHIC NAME | |
| Geographic name | United Kingdom |
| Chronological subdivision | |
| 690 ## - LOCAL SUBJECT ADDED ENTRY--TOPICAL TERM (OCLC, RLIN) | |
| Topical term or geographic name as entry element | MANAGEMENT-FACILITIES MANAGEMENT |
| 710 1# - ADDED ENTRY--CORPORATE NAME | |
| Corporate name or jurisdiction name as entry element | BDO Stoy Hayward |
| 9 (RLIN) | 228 |
| 856 40 - ELECTRONIC LOCATION AND ACCESS | |
| Uniform Resource Identifier | <a href="https://www.bifm.org.uk/bifm/news/3906">https://www.bifm.org.uk/bifm/news/3906</a> |
| Public note | View the research summary free of charge at www.bifm.org.uk... |
| 942 ## - ADDED ENTRY ELEMENTS (KOHA) | |
| Suppress in OPAC | 0 |
| Withdrawn status | Lost status | Source of classification or shelving scheme | Damaged status | Not for loan | Home library | Current library | Shelving location | Date acquired | Total Checkouts | Full call number | Barcode | Date last seen | Copy number | Price effective from | Koha item type |
|---|---|---|---|---|---|---|---|---|---|---|---|---|---|---|---|
| Dewey Decimal Classification | Virtual | Virtual | Online | 04/07/2007 | ONLINE PUBLICATION | 138701-2001 | 06/08/2019 | 1 | 06/08/2019 | Book |